[Event "I Festival ASDEC A"]
[Site "Messina ITA"]
[Date "2011.08.30"]
[Round "3"]
[White "Spina, Simonpietro"]
[Black "Ferrigno, Vincenzo"]
[WhiteElo "1805"]
[BlackElo "1789"]
[Result "0-1"]
[PlyCount "80"]
[EventDate "2011.08.28"]

1. c4 Nf6 2. Nc3 e6 3. Nf3 b6 4. g3 Bb7 5. Bg2 Bb4 6. Qb3 Bxc3 7. Qxc3 d6 8. d3
Nbd7 9. O-O Qc8 10. b4 O-O 11. b5 e5 12. a4 Nc5 13. a5 bxa5 14. Rxa5 a6 15.
bxa6 Rxa6 16. Ba3 Rxa5 17. Qxa5 Ne6 18. Ra1 Nd7 19. Qa7 e4 20. Nd4 Nxd4 21.
Qxd4 exd3 22. Bb2 f6 23. Qxd3 Bxg2 24. Kxg2 Qb7+ 25. Qd5+ Qxd5+ 26. cxd5 Nb6
27. e4 Re8 28. f3 Nxd5 29. Bd4 Nb4 30. Bc3 c5 31. Bxb4 cxb4 32. Rb1 Rb8 33. Rb3
Kf7 34. Kf2 Ke6 35. Ke3 f5 36. Kd4 fxe4 37. fxe4 g5 38. h4 g4 39. Kd3 Ke5 40.
Kc4 Kxe4 0-1

[Event "I Festival ASDEC A"]
[Site "Messina ITA"]
[Date "2011.08.30"]
[Round "3"]
[White "Tricomi, Massimo"]
[Black "Signorelli, Gaetano"]
[WhiteElo "1900"]
[BlackElo "1897"]
[Result "1/2-1/2"]
[PlyCount "107"]
[EventDate "2011.08.28"]

1. e4 c5 2. Nc3 Nc6 3. f4 e6 4. Nf3 Nge7 5. Bb5 a6 6. Bxc6 Nxc6 7. O-O g6 8. d3
Bg7 9. Bd2 O-O 10. Qe1 b5 11. e5 f5 12. Qf2 d6 13. Be3 dxe5 14. Bxc5 Re8 15.
fxe5 Nxe5 16. Nxe5 Bxe5 17. d4 Bc7 18. Rad1 Bb7 19. Rfe1 Qd7 20. Re3 Qc6 21.
Red3 e5 22. d5 Qd7 23. d6 Bd8 24. Nd5 Bxd5 25. Rxd5 e4 26. Qd4 Re6 27. Qe3 Rc8
28. b4 Rc6 29. Qg3 Bf6 30. Rxf5 Rexd6 31. Rxd6 Rxd6 32. Bxd6 Qxf5 33. Qf4 Qxf4
34. Bxf4 Bc3 35. Kf2 Kf7 36. Ke3 Bxb4 37. Kxe4 Ke6 38. Kd4 Be7 39. c4 bxc4 40.
Kxc4 Bf8 41. Bc7 Kd7 42. Bg3 Kc6 43. h3 Be7 44. Be1 Bd6 45. g4 Be7 46. a4 Bf8
47. h4 h5 48. gxh5 gxh5 49. Kd4 Kb6 50. Ke5 Be7 51. Kf5 Bxh4 52. Bxh4 Ka5 53.
Bd8+ Kxa4 54. Kg5 1/2-1/2

[Event "I Festival ASDEC A"]
[Site "Messina ITA"]
[Date "2011.08.30"]
[Round "3"]
[White "Trimarchi, Giuseppe"]
[Black "Bonanzinga, Corrado"]
[WhiteElo "1923"]
[BlackElo "2136"]
[Result "0-1"]
[PlyCount "118"]
[EventDate "2011.08.28"]

1. e4 e5 2. Nf3 Nc6 3. Bb5 Nf6 4. O-O Nxe4 5. Re1 Nd6 6. Nxe5 Be7 7. Bxc6 dxc6
8. d4 Nf5 9. c3 O-O 10. Nd2 c5 11. dxc5 Bxc5 12. Ne4 Qxd1 13. Rxd1 Be7 14. Bf4
Nd6 15. Nxd6 Bxd6 16. Nd3 Bxf4 17. Nxf4 c6 18. Rd6 Bf5 19. Rad1 Rae8 20. Kf1
Re4 21. Nd3 Rfe8 22. Nc5 Re2 23. Rd8 b6 24. Na6 Re1+ 25. Rxe1 Rxd8 26. Nb4 Kf8
27. Re5 Be6 28. Ke1 c5 29. Nc6 Rd7 30. a3 Bd5 31. Nxa7 f6 32. Rxd5 Rxd5 33. Ke2
c4 34. f4 Ra5 35. Nc6 Rb5 36. Nb4 g5 37. fxg5 Re5+ 38. Kf2 fxg5 39. Nc6 Re4 40.
h3 Kf7 41. Nd4 h6 42. Nf3 Ke6 43. Nd2 Rf4+ 44. Ke3 Kd5 45. g3 Rf8 46. Ke2 Re8+
47. Kf2 b5 48. Kf1 Re3 49. Kf2 Rd3 50. Nf1 Ke4 51. Ke2 h5 52. b3 Rxc3 53. bxc4
bxc4 54. a4 g4 55. hxg4 hxg4 56. Kd2 Ra3 57. a5 Rxa5 58. Kc3 Ra2 59. Kxc4 Rf2
0-1

[Event "I Festival ASDEC A"]
[Site "Messina ITA"]
[Date "2011.08.30"]
[Round "4"]
[White "Arico', Maurizio"]
[Black "Tricomi, Massimo"]
[WhiteElo "1847"]
[BlackElo "1900"]
[Result "0-1"]
[PlyCount "60"]
[EventDate "2011.08.28"]

1. e4 Nc6 2. Nf3 Nf6 3. e5 Ng4 4. d4 d6 5. h3 Nh6 6. Bb5 a6 7. Bxc6+ bxc6 8.
O-O e6 9. Bf4 Be7 10. Nc3 Bb7 11. Bxh6 gxh6 12. Ne4 c5 13. Re1 Rg8 14. exd6
cxd6 15. Qe2 Qc7 16. dxc5 dxc5 17. Rad1 Rd8 18. Rxd8+ Qxd8 19. Rd1 Qc7 20. Qd3
Bc6 21. Ne1 Qd7 22. Qxd7+ Bxd7 23. Nd6+ Bxd6 24. Rxd6 Bb5 25. Nf3 Ke7 26. Rd2
Bc6 27. Ne1 Rb8 28. c4 Rg8 29. f4 Be4 30. Nd3 Rd8 0-1

[Event "I Festival ASDEC A"]
[Site "Messina ITA"]
[Date "2011.08.30"]
[Round "4"]
[White "Arito, Luigi"]
[Black "Schiappoli, Dario"]
[WhiteElo "1883"]
[BlackElo "1929"]
[Result "0-1"]
[PlyCount "140"]
[EventDate "2011.08.28"]

1. d4 Nf6 2. c4 e5 3. dxe5 Ng4 4. Nf3 Bc5 5. e3 Nc6 6. Be2 Ncxe5 7. Bd2 a5 8.
Bc3 Qe7 9. Nbd2 Nxf2 10. Kxf2 Ng4+ 11. Ke1 Nxe3 12. Qb1 Nxg2+ 13. Kd1 Ra6 14.
Bd4 Re6 15. Bxc5 Qxc5 16. Rg1 Qf2 17. Ne4 Ne3+ 18. Kd2 Nxc4+ 19. Kd1 Qe3 20.
Re1 b5 21. Bxc4 Qxf3+ 22. Be2 Qxe4 23. Qxe4 Rxe4 24. Bxb5 f5 25. Kd2 Bb7 26.
Bd3 O-O 27. Bxe4 Bxe4 28. Rac1 Rb8 29. b3 c6 30. Kc3 Rb5 31. a4 Rb4 32. Rcd1 d5
33. Rd4 Rb7 34. b4 Kf7 35. bxa5 c5 36. Rd2 Ra7 37. Rxe4 dxe4 38. Rd5 Ke6 39.
Rxc5 g5 40. Kd4 Rd7+ 41. Ke3 Rd3+ 42. Ke2 Rd5 43. Rc6+ Kd7 44. Rh6 Rxa5 45.
Rxh7+ Ke6 46. h4 gxh4 47. Rxh4 Rxa4 48. Ke3 Ke5 49. Rh8 Ra3+ 50. Ke2 Kf4 51.
Rh4+ Kg3 52. Rh8 Kg2 53. Rg8+ Rg3 54. Rf8 Rg5 55. Ke3 Kg3 56. Rf7 Kg4 57. Rf8
Rg6 58. Rf7 Kg5 59. Rf8 Rh6 60. Rg8+ Kf6 61. Rf8+ Kg6 62. Rg8+ Kf7 63. Ra8 Rh3+
64. Ke2 f4 65. Ra4 Re3+ 66. Kf2 Ke6 67. Ra5 Rd3 68. Rh5 Rd2+ 69. Ke1 e3 70. Kf1
f3 0-1

[Event "I Festival ASDEC A"]
[Site "Messina ITA"]
[Date "2011.08.30"]
[Round "4"]
[White "Carbone, Stefano"]
[Black "Cattafi, Giuseppe"]
[WhiteElo "1911"]
[BlackElo "2015"]
[Result "1-0"]
[PlyCount "77"]
[EventDate "2011.08.28"]

1. Nf3 Nf6 2. c4 c5 3. g3 Nc6 4. Bg2 g6 5. O-O Bg7 6. Nc3 d6 7. d4 cxd4 8. Nxd4
Nxd4 9. Qxd4 O-O 10. Qd3 a6 11. Bg5 h6 12. Bf4 Nd7 13. b3 Nc5 14. Qd2 Qa5 15.
Rac1 Kh7 16. Nd5 Qd8 17. Rfd1 Rb8 18. Nxe7 d5 19. Bxb8 Qxe7 20. Qxd5 Be6 21.
Qd6 Qf6 22. Ba7 Nd7 23. Bd4 Qg5 24. Bxg7 Kxg7 25. Bxb7 Nf6 26. Qd2 Qh5 27. f3
Qe5 28. e4 Qh5 29. Qf2 g5 30. e5 Nd7 31. Qe3 Qh3 32. c5 f5 33. f4 gxf4 34. Qxf4
Qh5 35. Bf3 Qf7 36. c6 Nb6 37. Qd4 f4 38. Qxb6 fxg3 39. Qb7 1-0

[Event "I Festival ASDEC A"]
[Site "Messina ITA"]
[Date "2011.08.30"]
[Round "4"]
[White "Drasko, Milan"]
[Black "Levin, Felix"]
[WhiteElo "2469"]
[BlackElo "2475"]
[Result "1/2-1/2"]
[PlyCount "29"]
[EventDate "2011.08.28"]

1. d4 Nf6 2. Nf3 g6 3. Nbd2 Bg7 4. e4 d6 5. Bd3 Bg4 6. c3 Nc6 7. h3 Bxf3 8.
Nxf3 Nd7 9. O-O O-O 10. Bg5 Re8 11. Qd2 Qc8 12. Nh2 Nf6 13. f4 e5 14. fxe5 dxe5
15. Bxf6 1/2-1/2

[Event "I Festival ASDEC A"]
[Site "Messina ITA"]
[Date "2011.08.30"]
[Round "4"]
[White "Epishin, Vladimir V."]
[Black "Naumkin, Igor"]
[WhiteElo "2553"]
[BlackElo "2486"]
[Result "1-0"]
[PlyCount "61"]
[EventDate "2011.08.28"]

1. d4 Nf6 2. Nf3 e6 3. c4 b6 4. Bf4 Bb7 5. e3 Be7 6. Nc3 Nh5 7. Bd3 Nxf4 8.
exf4 O-O 9. O-O d5 10. Qc2 h6 11. cxd5 exd5 12. Rfe1 c5 13. dxc5 bxc5 14. Qb3
Bc6 15. Rad1 c4 16. Bxc4 dxc4 17. Qxc4 Qe8 18. Ne5 Bf6 19. Ng6 Qc8 20. Nxf8
Qxf8 21. Nd5 a6 22. Nxf6+ gxf6 23. Qc3 Qg7 24. Rd8+ Kh7 25. Qd3+ Qg6 26. Qxg6+
Kxg6 27. Re7 a5 28. f3 Kf5 29. Rxf7 Na6 30. Rxa8 Bxa8 31. Ra7 1-0

[Event "I Festival ASDEC A"]
[Site "Messina ITA"]
[Date "2011.08.30"]
[Round "4"]
[White "Ferrigno, Vincenzo"]
[Black "Bonanzinga, Corrado"]
[WhiteElo "1789"]
[BlackElo "2136"]
[Result "0-1"]
[PlyCount "150"]
[EventDate "2011.08.28"]

1. e4 e5 2. Bc4 Nf6 3. d3 Bc5 4. Nf3 Nc6 5. c3 Bb6 6. Nbd2 d6 7. a4 a6 8. b4
O-O 9. Bb3 Ne7 10. Nc4 Ba7 11. Ne3 Ng6 12. O-O c6 13. Re1 d5 14. Qc2 Bg4 15.
Ng5 Nf4 16. g3 Nh3+ 17. Nxh3 Bxh3 18. Bb2 dxe4 19. dxe4 Ng4 20. Nxg4 Bxg4 21.
c4 Bd4 22. Rad1 Bxd1 23. Rxd1 Qf6 24. Bxd4 exd4 25. f4 c5 26. bxc5 d3 27. Rxd3
Rad8 28. e5 Qe7 29. Rd5 Rc8 30. Qf2 Rfd8 31. Rd6 Rc6 32. Qd4 Rdc8 33. Rd7 Qxc5
34. Qxc5 Rxc5 35. Rxb7 g5 36. Rb6 a5 37. e6 fxe6 38. Rxe6 Rb8 39. Re3 gxf4 40.
gxf4 Kg7 41. Kf2 Kf6 42. Kf3 Rh5 43. Kg2 Rg8+ 44. Kh1 Rg7 45. Bd1 Rc5 46. Be2
Kf5 47. Rf3 Ke4 48. Rg3 Rxg3 49. hxg3 Ke3 50. Bg4 Kf2 51. Kh2 Rxc4 52. Bd7 Rd4
53. Bb5 Rd6 54. Kh3 Rg6 55. Kh4 Rxg3 56. f5 h6 57. Bd7 Rd3 58. Be8 Rd6 59. Kh5
Kf3 60. Bg6 Kf4 61. Kxh6 Kg4 62. Kg7 Kg5 63. Bh7 Rd7+ 64. Kg8 Kf6 65. Bg6 Rd8+
66. Kh7 Rd4 67. Be8 Kxf5 68. Kg7 Ke5 69. Kg6 Rf4 70. Kg5 Rf8 71. Bc6 Rg8+ 72.
Kh4 Kd6 73. Bb5 Kc5 74. Bd7 Kb4 75. Bc6 Rg1 0-1

[Event "I Festival ASDEC A"]
[Site "Messina ITA"]
[Date "2011.08.30"]
[Round "4"]
[White "Gangemi, Salvatore"]
[Black "Pisacane, Pietro"]
[WhiteElo "2065"]
[BlackElo "1948"]
[Result "0-1"]
[PlyCount "97"]
[EventDate "2011.08.28"]

1. Nf3 Nf6 2. c4 g6 3. g3 Bg7 4. Bg2 O-O 5. O-O d6 6. d4 c6 7. Nc3 Qc7 8. Bg5
h6 9. Bf4 Nh5 10. Bc1 e5 11. d5 Na6 12. e4 c5 13. a3 Qe7 14. b4 f5 15. Nh4 Qf7
16. Nb5 Rd8 17. exf5 g5 18. g4 gxh4 19. gxh5 Bxf5 20. h3 cxb4 21. axb4 Nxb4 22.
Ba3 Nc2 23. Nxd6 Rxd6 24. Bxd6 Nxa1 25. Qxa1 Re8 26. Qxa7 Qxh5 27. Qe3 Qg6 28.
Bb4 e4 29. Kh1 Bf6 30. Bd2 Kh7 31. Rg1 Rg8 32. f4 Qg3 33. Qxg3 Rxg3 34. Re1 Rd3
35. Be3 Bc3 36. Re2 Rd1+ 37. Kh2 Be1 38. Bf2 Bxf2 39. Rxf2 Rc1 40. Rb2 Rxc4 41.
Rxb7+ Kg6 42. Rb6+ Kg7 43. Rc6 Rd4 44. Rc7+ Kf8 45. Rc6 Ke7 46. Rc7+ Kd6 47.
Rb7 Rxd5 48. Rb6+ Kc7 49. Rxh6 {...} 0-1

[Event "I Festival ASDEC A"]
[Site "Messina ITA"]
[Date "2011.08.30"]
[Round "4"]
[White "Panarello, Giuseppe"]
[Black "Familari, Giuseppe"]
[WhiteElo "1990"]
[BlackElo "1985"]
[Result "1-0"]
[PlyCount "81"]
[EventDate "2011.08.28"]

1. d4 Nf6 2. Nf3 e6 3. Bf4 b6 4. e3 Bb7 5. Nbd2 d6 6. h3 c5 7. c3 Nbd7 8. Bd3
Qc7 9. Bh2 Be7 10. O-O O-O 11. a4 a6 12. Qe2 Rfe8 13. Rfc1 Bf8 14. b4 Rec8 15.
Qf1 a5 16. bxc5 bxc5 17. Rc2 Rcb8 18. Rb1 Bc6 19. Bb5 Nd5 20. Qc1 h6 21. Qa3
Bxb5 22. axb5 cxd4 23. exd4 e5 24. Qb3 N5b6 25. c4 exd4 26. Nxd4 Nc5 27. Qg3
Qd7 28. N2b3 a4 29. Nxc5 dxc5 30. Nc6 Re8 31. Rcc1 a3 32. Qc7 Qxc7 33. Bxc7 Na4
34. Ra1 Rec8 35. Be5 Nb2 36. Rc3 a2 37. Rc2 Nd3 38. Rcxa2 Rxa2 39. Rxa2 Nb4 40.
Nxb4 cxb4 41. b6 1-0

[Event "I Festival ASDEC A"]
[Site "Messina ITA"]
[Date "2011.08.30"]
[Round "4"]
[White "Pinton, Maurizio"]
[Black "Scattareggia, Domenico"]
[WhiteElo "2016"]
[BlackElo "2018"]
[Result "0-1"]
[PlyCount "34"]
[EventDate "2011.08.28"]

1. d4 d5 2. e3 Nf6 3. Bd3 e6 4. Nd2 c5 5. c3 Nbd7 6. f4 h5 7. Ngf3 c4 8. Bc2
Be7 9. O-O Ng4 10. Qe2 f5 11. b3 b5 12. bxc4 bxc4 13. e4 fxe4 14. Nxe4 dxe4 15.
Qxe4 Nb6 16. Qg6+ Kf8 17. Be4 Rh6 0-1

[Event "I Festival ASDEC A"]
[Site "Messina ITA"]
[Date "2011.08.30"]
[Round "4"]
[White "Signorelli, Gaetano"]
[Black "Trimarchi, Giuseppe"]
[WhiteElo "1897"]
[BlackElo "1923"]
[Result "1-0"]
[PlyCount "45"]
[EventDate "2011.08.28"]

1. e4 e5 2. Bc4 Nf6 3. d3 Nc6 4. Nf3 d5 5. exd5 Nxd5 6. O-O Bg4 7. h3 Bh5 8.
Re1 f6 9. Nxe5 fxe5 10. Qxh5+ g6 11. Qf3 Nf6 12. Nc3 Be7 13. Bh6 e4 14. Nxe4
Kd7 15. Nxf6+ Bxf6 16. Qg4+ Kd6 17. Qe6+ Kc5 18. Be3+ Bd4 19. c3 Bxe3 20. Qxe3+
Kd6 21. Qe6+ Kc5 22. Re5+ Nxe5 23. b4# 1-0

[Event "I Festival ASDEC A"]
[Site "Messina ITA"]
[Date "2011.08.31"]
[Round "5"]
[White "Arito, Luigi"]
[Black "Gangemi, Salvatore"]
[WhiteElo "1883"]
[BlackElo "2065"]
[Result "1-0"]
[PlyCount "57"]
[EventDate "2011.08.28"]

1. d4 d5 2. c4 e6 3. Nc3 Nf6 4. cxd5 exd5 5. Nf3 c6 6. Bf4 Qb6 7. Qc2 Bg4 8.
Ne5 Qxd4 9. e3 Qc5 10. Nxg4 Nxg4 11. Qf5 Nd7 12. Qxg4 Qb6 13. Qe2 Bb4 14. Qc2
O-O 15. a3 Be7 16. Bd3 h6 17. O-O Rfe8 18. b4 Bf6 19. Rac1 Nf8 20. Na4 Qd8 21.
Nc5 Qb6 22. Bd6 Rad8 23. Bxf8 Kxf8 24. Na4 Qc7 25. b5 Qe5 26. bxc6 Rc8 27. Nc5
Re7 28. cxb7 Rb8 29. Na6 1-0

[Event "I Festival ASDEC A"]
[Site "Messina ITA"]
[Date "2011.08.31"]
[Round "5"]
[White "Bonanzinga, Corrado"]
[Black "Pinton, Maurizio"]
[WhiteElo "2136"]
[BlackElo "2016"]
[Result "1-0"]
[PlyCount "47"]
[EventDate "2011.08.28"]

1. d4 c5 2. c4 Nf6 3. Nf3 d6 4. g3 g6 5. Bg2 Bg7 6. O-O cxd4 7. Nxd4 a6 8. Nc3
O-O 9. b3 Nbd7 10. Bb2 Rb8 11. Qd2 Nc5 12. Nd5 Nxd5 13. cxd5 Bd7 14. Rac1 Qb6
15. Rfd1 Rbc8 16. h4 e5 17. dxe6 fxe6 18. Ba3 d5 19. Qe3 Rfe8 20. Nf3 Bf8 21.
Ne5 Bb5 22. Ng4 Be7 23. Qe5 Nd7 24. Nh6+ 1-0

[Event "I Festival ASDEC A"]
[Site "Messina ITA"]
[Date "2011.08.31"]
[Round "5"]
[White "Familari, Giuseppe"]
[Black "Signorelli, Gaetano"]
[WhiteElo "1985"]
[BlackElo "1897"]
[Result "1-0"]
[PlyCount "33"]
[EventDate "2011.08.28"]

1. e4 c5 2. c3 Nf6 3. e5 Nd5 4. d4 cxd4 5. Nf3 Nc6 6. cxd4 d6 7. exd6 Qxd6 8.
Nc3 Bf5 9. a3 a6 10. Qb3 Nc7 11. d5 Ne5 12. Nxe5 Qxe5+ 13. Be3 Rb8 14. g3 Bg4
15. Bg2 g5 16. O-O Bg7 17. Rae1 1-0

[Event "I Festival ASDEC A"]
[Site "Messina ITA"]
[Date "2011.08.31"]
[Round "5"]
[White "Levin, Felix"]
[Black "Scattareggia, Domenico"]
[WhiteElo "2475"]
[BlackElo "2018"]
[Result "1-0"]
[PlyCount "107"]
[EventDate "2011.08.28"]

1. d4 d5 2. c4 e6 3. Nf3 Nf6 4. g3 c6 5. Bg2 Be7 6. O-O O-O 7. Qc2 Nbd7 8. Nbd2
b6 9. e4 Bb7 10. e5 Ne8 11. cxd5 cxd5 12. Re1 Nc7 13. Nf1 Rc8 14. Qd1 Na6 15.
a3 b5 16. b3 Qb6 17. h4 Rc7 18. Ne3 Rfc8 19. Qd3 Rc3 20. Qb1 Nab8 21. Bd2 R3c7
22. b4 Nf8 23. Bf1 a6 24. Bd3 Nc6 25. Qb2 Nd8 26. Ng2 Bc6 27. Bg5 Be8 28. Bxe7
Rxe7 29. Nd2 Rec7 30. Nb3 Nb7 31. Nf4 Rc6 32. Nc5 Nxc5 33. bxc5 Qd8 34. Bf1 Rb8
35. Qd2 Rcc8 36. Rac1 Bc6 37. Rc3 Rb7 38. Bd3 Rcb8 39. Ng2 Qc7 40. Ne3 Ra7 41.
Ng4 Qd8 42. h5 Rab7 43. f4 Kh8 44. f5 exf5 45. Bxf5 Ne6 46. Bxe6 fxe6 47. Rf1
Qg8 48. Rcf3 b4 49. axb4 Rxb4 50. h6 Rb3 51. Qg5 Rxf3 52. Rxf3 Ba4 53. Nf6 Qf8
54. Ne8 1-0

[Event "I Festival ASDEC A"]
[Site "Messina ITA"]
[Date "2011.08.31"]
[Round "5"]
[White "Naumkin, Igor"]
[Black "Panarello, Giuseppe"]
[WhiteElo "2486"]
[BlackElo "1990"]
[Result "1-0"]
[PlyCount "59"]
[EventDate "2011.08.28"]

1. d4 Nf6 2. c4 e6 3. Nf3 b6 4. g3 Bb7 5. Bg2 g6 6. O-O Bg7 7. Qc2 d6 8. Nc3
Nbd7 9. e4 O-O 10. h3 h6 11. Be3 a6 12. Nd2 c5 13. dxc5 Ne8 14. cxd6 Nxd6 15.
Rad1 Qe7 16. Qb3 b5 17. c5 Nc8 18. Qa3 Ncb6 19. Qa5 Nc8 20. Qa3 Ncb6 21. b4 a5
22. Nxb5 axb4 23. Qxb4 Rxa2 24. Nd6 Rb2 25. Nb3 Ba6 26. cxb6 Bxf1 27. Bxf1 Rc8
28. b7 Rd8 29. Qb5 Be5 30. Nc4 1-0

[Event "I Festival ASDEC A"]
[Site "Messina ITA"]
[Date "2011.08.31"]
[Round "5"]
[White "Pisacane, Pietro"]
[Black "Carbone, Stefano"]
[WhiteElo "1948"]
[BlackElo "1911"]
[Result "1-0"]
[PlyCount "83"]
[EventDate "2011.08.28"]

1. d4 d5 2. c4 c6 3. Nc3 Nf6 4. Nf3 dxc4 5. a4 Bf5 6. Ne5 e6 7. Nxc4 Bb4 8. f3
O-O 9. Bg5 h6 10. Bh4 Be7 11. Bf2 Nbd7 12. e4 Bh7 13. Bd3 c5 14. d5 exd5 15.
exd5 Bxd3 16. Qxd3 Nb6 17. Nxb6 axb6 18. O-O Ne8 19. Nb5 Nd6 20. b3 Qd7 21.
Nxd6 Bxd6 22. g3 Rfd8 23. f4 Ra5 24. Be1 Raa8 25. Bc3 Rdc8 26. Qc4 Rd8 27. Rad1
Re8 28. Rf3 Re7 29. f5 f6 30. Qg4 Be5 31. d6 Ree8 32. Rd5 Bxc3 33. Rxc3 Re1+
34. Kf2 Rae8 35. Qc4 R8e4 36. Rd4+ Kh7 37. Rxe4 Rd1 38. Rf3 Qxd6 39. Re2 Rh1
40. Qe6 Qd1 41. Kg2 Rg1+ 42. Kh3 1-0

[Event "I Festival ASDEC A"]
[Site "Messina ITA"]
[Date "2011.08.31"]
[Round "5"]
[White "Schiappoli, Dario"]
[Black "Tondo, Salvatore"]
[WhiteElo "1929"]
[BlackElo "1920"]
[Result "1/2-1/2"]
[PlyCount "89"]
[EventDate "2011.08.28"]

1. e4 c5 2. Nf3 Nc6 3. d4 cxd4 4. Nxd4 e5 5. Nb5 a6 6. Nd6+ Bxd6 7. Qxd6 Qf6 8.
Qd1 Qg6 9. Nc3 d5 10. exd5 Nd4 11. Bd3 Qxg2 12. Be4 Qh3 13. Qd3 Qxd3 14. Bxd3
f5 15. Be3 Nf3+ 16. Kd1 Nf6 17. Be2 Nd4 18. Bg5 O-O 19. Kd2 b5 20. Rhg1 b4 21.
Bxf6 Rxf6 22. Na4 Nxe2 23. Kxe2 Bb7 24. Rgd1 Rd6 25. a3 Rc8 26. Rac1 a5 27. c4
bxc3 28. Rxc3 Rxc3 29. Nxc3 Ba6+ 30. Ke3 Kf7 31. b4 axb4 32. axb4 Bb7 33. Rd2
Ke8 34. f4 e4 35. Kd4 Rh6 36. Ke5 Rh3 37. Nb5 Kd7 38. Nd6 Rd3 39. Rxd3 exd3 40.
Nc4 Ba6 41. Nd2 g6 42. Nb3 Bb5 43. h4 Bc4 44. Nd2 Bb5 45. Nb3 1/2-1/2

[Event "I Festival ASDEC A"]
[Site "Messina ITA"]
[Date "2011.08.31"]
[Round "5"]
[White "Spina, Simonpietro"]
[Black "Arico', Maurizio"]
[WhiteElo "1805"]
[BlackElo "1847"]
[Result "1/2-1/2"]
[PlyCount "66"]
[EventDate "2011.08.28"]

1. c4 e6 2. Nc3 d5 3. cxd5 exd5 4. d4 Nf6 5. Bg5 Be7 6. Bxf6 Bxf6 7. e3 O-O 8.
Bd3 Nc6 9. a3 Re8 10. Nge2 Bg4 11. O-O Ne7 12. Qc2 Ng6 13. Qb3 Bxe2 14. Bxe2 c5
15. Nxd5 cxd4 16. Nxf6+ Qxf6 17. Bc4 Rf8 18. exd4 Qxd4 19. Rad1 Qb6 20. Qxb6
axb6 21. Rfe1 Rad8 22. Bd5 Rd7 23. Bf3 Rc7 24. Rc1 Rd7 25. Re2 Nf4 26. Rec2 Ne6
27. Bg4 f5 28. Bd1 Rfd8 29. Bh5 g6 30. Bf3 Nd4 31. Rc8 Nxf3+ 32. gxf3 Rxc8 33.
Rxc8+ Kf7 1/2-1/2

[Event "I Festival ASDEC A"]
[Site "Messina ITA"]
[Date "2011.08.31"]
[Round "5"]
[White "Tricomi, Massimo"]
[Black "Ferrigno, Vincenzo"]
[WhiteElo "1900"]
[BlackElo "1789"]
[Result "1-0"]
[PlyCount "101"]
[EventDate "2011.08.28"]

1. b3 e5 2. Bb2 Nc6 3. e3 d5 4. Bb5 Bd6 5. f4 exf4 6. Bxg7 Qh4+ 7. Kf1 Nf6 8.
Qe1 Qxe1+ 9. Kxe1 Be5 10. d4 Rg8 11. dxe5 Ng4 12. exf4 Rxg7 13. g3 Bd7 14. Nc3
a6 15. Be2 d4 16. Nd5 O-O-O 17. h3 Ne3 18. Nxe3 dxe3 19. g4 Nd4 20. Rc1 Bc6 21.
Rh2 Be4 22. Bd3 Bc6 23. c3 Ne6 24. Bf5 Kb8 25. Bxe6 fxe6 26. Re2 Rf7 27. Rxe3
Rxf4 28. Ne2 Rff8 29. Nd4 Bd7 30. Rd1 Kc8 31. Ke2 h5 32. g5 c5 33. Nf3 Rf5 34.
Red3 Bb5 35. c4 Rxd3 36. Rxd3 Bc6 37. h4 Rf4 38. Kf2 Bxf3 39. Rxf3 Rxh4 40. g6
Rg4 41. Rg3 Rf4+ 42. Ke3 Rf8 43. g7 Rg8 44. Rg6 Kd7 45. Kf4 Ke7 46. Kg5 h4 47.
Kh6 h3 48. Kh7 h2 49. Rh6 Kf7 50. Rf6+ Ke7 51. Rf1 1-0

[Event "I Festival ASDEC A"]
[Site "Messina ITA"]
[Date "2011.09.01"]
[Round "6"]
[White "Carbone, Stefano"]
[Black "Tondo, Salvatore"]
[WhiteElo "1911"]
[BlackElo "1920"]
[Result "1-0"]
[PlyCount "103"]
[EventDate "2011.08.28"]

1. Nf3 Nf6 2. c4 b6 3. g3 Bb7 4. Bg2 e6 5. O-O Be7 6. Nc3 O-O 7. Re1 d6 8. e4
Nbd7 9. d4 a6 10. b3 c5 11. Bb2 Qc7 12. d5 e5 13. Nh4 Rfe8 14. Nf5 Nf8 15. f4
Ng6 16. Nxe7+ Qxe7 17. f5 Nf8 18. g4 g5 19. h4 h6 20. hxg5 hxg5 21. Qf3 N8h7
22. Kf2 Qf8 23. Rh1 Qg7 24. Rh2 Kf8 25. Rah1 Ke7 26. Qh3 Rg8 27. a4 Bc8 28. Bf3
Bd7 29. Qf1 Qh8 30. Qa1 Rg7 31. Kg3 Qb8 32. Be2 b5 33. Kf3 bxa4 34. bxa4 Ra7
35. Rb1 Rb7 36. Bd3 Rg8 37. Ba3 Rxb1 38. Qxb1 Qxb1 39. Bxb1 Kd8 40. Rb2 Kc7 41.
a5 Nf8 42. Rb6 Rh8 43. Kg3 Rh4 44. Bxc5 Rxg4+ 45. Kf3 Rf4+ 46. Kg2 Nxe4 47.
Bxe4 dxc5 48. d6+ Kc8 49. Rxa6 Bxf5 50. Bxf5+ Rxf5 51. Ra8+ Kd7 52. Rxf8 1-0

[Event "I Festival ASDEC A"]
[Site "Messina ITA"]
[Date "2011.09.01"]
[Round "6"]
[White "Epishin, Vladimir V."]
[Black "Pisacane, Pietro"]
[WhiteElo "2553"]
[BlackElo "1948"]
[Result "1-0"]
[PlyCount "43"]
[EventDate "2011.08.28"]

1. d4 Nf6 2. Nf3 g6 3. Bf4 Bg7 4. e3 d6 5. h3 Nbd7 6. Be2 c6 7. O-O O-O 8. c4
Re8 9. Nc3 a6 10. Rc1 b5 11. d5 cxd5 12. cxb5 h6 13. Nxd5 Nxd5 14. Qxd5 Nb6 15.
Qd2 Be6 16. e4 g5 17. Be3 Nd7 18. bxa6 Bxa2 19. b4 Be6 20. Nd4 Nb6 21. Nxe6
fxe6 22. b5 1-0

[Event "I Festival ASDEC A"]
[Site "Messina ITA"]
[Date "2011.09.01"]
[Round "6"]
[White "Gangemi, Salvatore"]
[Black "Trimarchi, Giuseppe"]
[WhiteElo "2065"]
[BlackElo "1923"]
[Result "1-0"]
[PlyCount "65"]
[EventDate "2011.08.28"]

1. c4 Nf6 2. g3 g6 3. Bg2 Bg7 4. Nc3 c5 5. e3 e6 6. Nge2 Nc6 7. O-O O-O 8. e4
d6 9. d3 Ne8 10. Kh1 Kh8 11. Be3 e5 12. Qd2 Nc7 13. Rac1 Ne6 14. Nd5 Ned4 15.
Nxd4 Nxd4 16. f4 Be6 17. fxe5 dxe5 18. Rf2 f5 19. Rcf1 Qd7 20. Bh6 Rab8 21. Qg5
Bxh6 22. Qxh6 Qg7 23. Qg5 h6 24. Qe3 b5 25. b3 bxc4 26. dxc4 Rbc8 27. Re1 Rfe8
28. exf5 Bxf5 29. Be4 Kh7 30. g4 Bxe4+ 31. Qxe4 Nc6 32. Nf6+ Kh8 33. Nxe8 1-0

[Event "I Festival ASDEC A"]
[Site "Messina ITA"]
[Date "2011.09.01"]
[Round "6"]
[White "Naumkin, Igor"]
[Black "Levin, Felix"]
[WhiteElo "2486"]
[BlackElo "2475"]
[Result "0-1"]
[PlyCount "60"]
[EventDate "2011.08.28"]

1. d4 Nf6 2. c4 e6 3. Nf3 d5 4. Nc3 c6 5. Bg5 h6 6. Bxf6 Qxf6 7. e3 Nd7 8. Bd3
g6 9. O-O Bg7 10. Qe2 O-O 11. e4 dxc4 12. Bxc4 Qe7 13. e5 b5 14. Bd3 b4 15. Na4
c5 16. h4 cxd4 17. Qe4 Rb8 18. Qxd4 Bb7 19. Be4 Bxe4 20. Qxe4 Rb5 21. Qc4 Rd5
22. Qc7 Qd8 23. Qxa7 Ra5 24. Qd4 Nxe5 25. Qxb4 Nxf3+ 26. gxf3 Rd5 27. Nc3 Rd4
28. Qb5 Qxh4 29. Rad1 Rb4 30. Qc5 Rxb2 0-1

[Event "I Festival ASDEC A"]
[Site "Messina ITA"]
[Date "2011.09.01"]
[Round "6"]
[White "Panarello, Giuseppe"]
[Black "Arito, Luigi"]
[WhiteElo "1990"]
[BlackElo "1883"]
[Result "0-1"]
[PlyCount "74"]
[EventDate "2011.08.28"]

1. Nf3 Nf6 2. c4 d6 3. d4 c5 4. d5 b5 5. cxb5 a6 6. bxa6 Bxa6 7. Nc3 g6 8. e4
Bxf1 9. Kxf1 Bg7 10. g3 O-O 11. Kg2 Qc7 12. h3 Na6 13. Re1 Nd7 14. Nb5 Qb6 15.
a4 Rfb8 16. Nd2 Ne5 17. f4 Nd3 18. Re3 Nab4 19. Nc3 Qa6 20. Rb1 Bd4 21. Rf3 Nc2
22. Kh2 Nde1 23. Rf1 Bxc3 24. Rxe1 Nxe1 25. Qxe1 Bxd2 26. Bxd2 Qxa4 27. Bc3
Qc2+ 28. Kg1 Ra3 29. Rc1 Rxc3 30. bxc3 Qd3 31. Rd1 Qf3 32. Rd2 Qxc3 33. Qf2
Qc1+ 34. Kg2 Rb1 35. Kf3 h5 36. Qg2 Rb3+ 37. Ke2 Qxd2+ 0-1

[Event "I Festival ASDEC A"]
[Site "Messina ITA"]
[Date "2011.09.01"]
[Round "6"]
[White "Pinton, Maurizio"]
[Black "Familari, Giuseppe"]
[WhiteElo "2016"]
[BlackElo "1985"]
[Result "1/2-1/2"]
[PlyCount "63"]
[EventDate "2011.08.28"]

1. d4 Nf6 2. Nf3 g6 3. Bg5 Bg7 4. e3 O-O 5. Nbd2 d6 6. h3 Nc6 7. c3 e5 8. d5
Ne7 9. e4 Nh5 10. g4 Nf4 11. Bxf4 exf4 12. Bd3 f5 13. gxf5 gxf5 14. Qc2 fxe4
15. Bxe4 Bf5 16. O-O-O Qd7 17. Ng5 h6 18. Bxf5 Rxf5 19. Ne6 Rxd5 20. Nxg7 Kxg7
21. Rdg1+ Rg5 22. Ne4 Rxg1+ 23. Rxg1+ Kh8 24. Qd2 Qf5 25. Nxd6 cxd6 26. Qxd6
Qf8 27. Qe5+ Kh7 28. Qe4+ Kh8 29. Qe5+ Kh7 30. Qe4+ Kh8 31. Qe5+ Kh7 32. Qe4+
1/2-1/2